000 00654nam a2200277Ia 4500
005 20260324142851.0
008 008 260324s9999 xx 000 0 eng d
020 _a9780429480652
037 _aEBOOK
040 _aCRL
040 _beng
040 _cCRL
041 _2eng
041 _aeng
084 _qCRL
100 _aGerrilyn Smith
_91213525
245 0 _aSystemic Approaches to Training in Child Protection
260 _bTaylor and Francis
260 _c1993
365 _a
365 _b205
856 _uhttp://www.taylorfrancis.com/books/9780429480652
942 _cEBOOK
999 _c1818245
_d1818245